Statistics for MLB Home Run Leaders A-Z

Click here to take the quiz!

General Stats

  • This quiz has been taken 79 times
    (74 since last reset)
  • The average score is 12 of 24

Answer Stats

Letter Answer # of HR % Correct
AHank Aaron755
100%
BBarry Bonds762
98%
RBabe Ruth714
91%
SSammy Sosa609
82%
MWillie Mays660
82%
TJim Thome612
79%
GKen Griffey, Jr630
68%
WTed Williams521
68%
KHarmon Killebrew573
64%
JReggie Jackson563
63%
PAlbert Pujols591
55%
ODavid Ortiz541
54%
FJimmie Foxx534
48%
CJose Canseco462
38%
YCarl Yastrzemski452
34%
EDarrell Evans414
30%
DCarlos Delgado473
27%
HFrank Howard / Ryan Howard382
27%
ZTodd Zeile253
25%
NGraig Nettles390
21%
UChase Utley250
13%
IRaul Ibanez305
11%
VGreg Vaughn355
11%
LGreg Luzinski307
4%

Score Distribution

Percentile by Number Answered

Percent of People with Each Score

Your Score History

You have not taken this quiz since the last reset